<?xml version="1.0" encoding="UTF-8"?>
<record
    xmlns:xsi="http://www.w3.org/2001/XMLSchema-instance"
    xsi:schemaLocation="http://www.loc.gov/MARC21/slim http://www.loc.gov/standards/marcxml/schema/MARC21slim.xsd"
    xmlns="http://www.loc.gov/MARC21/slim">

  <leader>00722cam a2200265   4500</leader>
  <controlfield tag="001">2090</controlfield>
  <controlfield tag="005">20171031131101.0</controlfield>
  <datafield tag="010" ind1=" " ind2=" ">
    <subfield code="a">9724224651</subfield>
  </datafield>
  <datafield tag="021" ind1=" " ind2=" ">
    <subfield code="a">PT</subfield>
    <subfield code="b">161571/01</subfield>
  </datafield>
  <datafield tag="035" ind1=" " ind2=" ">
    <subfield code="a">(bn)1066885</subfield>
  </datafield>
  <datafield tag="090" ind1=" " ind2=" ">
    <subfield code="a">2090</subfield>
  </datafield>
  <datafield tag="100" ind1=" " ind2=" ">
    <subfield code="a">20010917d2001    m  y0pory5003    ba</subfield>
  </datafield>
  <datafield tag="101" ind1="1" ind2=" ">
    <subfield code="c">eng</subfield>
  </datafield>
  <datafield tag="105" ind1=" " ind2=" ">
    <subfield code="a">y   z---000ay</subfield>
  </datafield>
  <datafield tag="106" ind1=" " ind2=" ">
    <subfield code="a">r</subfield>
  </datafield>
  <datafield tag="200" ind1="1" ind2=" ">
    <subfield code="a">Tempo para amar</subfield>
    <subfield code="f">Danielle Steel</subfield>
    <subfield code="g">trad. Filipa Aguiar</subfield>
  </datafield>
  <datafield tag="210" ind1=" " ind2=" ">
    <subfield code="a">[Lisboa]</subfield>
    <subfield code="c">C&#xED;rculo de Leitores,</subfield>
    <subfield code="d">imp. 2001</subfield>
  </datafield>
  <datafield tag="215" ind1=" " ind2=" ">
    <subfield code="a">360, [1] p.</subfield>
    <subfield code="d">21 cm</subfield>
  </datafield>
  <datafield tag="304" ind1=" " ind2=" ">
    <subfield code="a">T&#xED;t. orig.: Season of Passion</subfield>
  </datafield>
  <datafield tag="600" ind1=" " ind2=" ">
    <subfield code="a">Danielle Steel</subfield>
  </datafield>
  <datafield tag="601" ind1=" " ind2=" ">
    <subfield code="a">C&#xED;rculo de Leitores,</subfield>
  </datafield>
  <datafield tag="675" ind1=" " ind2=" ">
    <subfield code="a">821.111(73)-31"19/20"</subfield>
    <subfield code="v">BN</subfield>
    <subfield code="z">por</subfield>
  </datafield>
  <datafield tag="700" ind1=" " ind2="1">
    <subfield code="a">Steel,</subfield>
    <subfield code="b">Danielle,</subfield>
    <subfield code="f">1947-</subfield>
  </datafield>
  <datafield tag="702" ind1=" " ind2="1">
    <subfield code="a">Aguiar,</subfield>
    <subfield code="b">Filipa</subfield>
    <subfield code="4">730</subfield>
  </datafield>
  <datafield tag="942" ind1=" " ind2=" ">
    <subfield code="c">BK</subfield>
  </datafield>
  <datafield tag="995" ind1=" " ind2=" ">
    <subfield code="0">0</subfield>
    <subfield code="2">0</subfield>
    <subfield code="5">2017-10-31</subfield>
    <subfield code="9">2168</subfield>
    <subfield code="b">SMIG</subfield>
    <subfield code="c">SMIG</subfield>
    <subfield code="e">ARMZ</subfield>
    <subfield code="f">1904</subfield>
    <subfield code="k">82-3 STE 1904</subfield>
    <subfield code="o">0</subfield>
    <subfield code="r">BK</subfield>
    <subfield code="a">UPS</subfield>
  </datafield>
</record>
